Datum a čas kvízu
27
Celkem bodů
Celkový počet nahraných bodů na tomto kvízu bez doplňovacích otázek.
5.
Pořadí na kvízu
Konečné umístění týmu na tomto kvízu.
Zaznamenané odpovědi
| # | Otázka | Odpověď | Body | Výsledky |
|---|---|---|---|---|
| 1. | O tom, že Tomáš Tuhý míří do B... | 0 | ||
| 2. | Maďarského premiéra Viktora Or... | 1 | ||
| 3. | Třicetiletá oscarová zpěvačka... | 1 | ||
| 4. | Americký provozovatel celosvět... | 1 | ||
| 5. | V neděli odstartovala štafetov... | 0 | ||
| 6. | Čertů se v kultuře, zeměpisnýc... | 0 | ||
| 7. | Napište název pohádky z roku 2... | 0 | ||
| 8. | To čert na koze jel, a táta re... | 0 | ||
| 9. | Jak se jmenuje osada, nacházej... | 0 | ||
| 10. | Jak se nazývá nejnovější česká... | 0 |